000 00708nam a2200289Ia 4500
005 20260324144810.0
008 008 260324s9999 xx 000 0 eng d
020 _a9780203767726
037 _aEBOOK
040 _aCRL
040 _beng
040 _cCRL
041 _2eng
041 _aeng
084 _qCRL
100 _aW. Bruce Walsh; Samuel H. Osipow
_91218794
245 0 _aAdvances in Vocational Psychology
245 0 _bVolume 1: the Assessment of interests
260 _bTaylor and Francis
260 _c1986
365 _a
365 _b265
856 _uhttp://www.taylorfrancis.com/books/9780203767726
942 _cEBOOK
999 _c1827720
_d1827720